Metodología para mejorar la alimentación en familias urbano marginales de San José /
Bewaard in:
| Hoofdauteur: | |
|---|---|
| Andere auteurs: | , , |
| Formaat: | Texto |
| Onderwerpen: | |
| Tags: |
Voeg label toe
Geen labels, Wees de eerste die dit record labelt!
|
MARC
| LEADER | 00000 a a2200000 04500 | ||
|---|---|---|---|
| 001 | 13612 | ||
| 003 | |||
| 040 | |||
| 100 | |a Fernández, K. | ||
| 245 | |a Metodología para mejorar la alimentación en familias urbano marginales de San José / |c K. Fernández ; K. Jiménez ; G. Vargas ; A. Chinnock | ||
| 650 | |a INVESTIGACION SOBRE NUTRICION | ||
| 650 | |a ESTADISTICAS ALIMENTARIAS | ||
| 650 | |a NECESIDADES ALIMENTARIAS | ||
| 650 | |a MARGINALIDAD | ||
| 650 | |a METODOS DE INVESTIGACION | ||
| 700 | |a Jiménez, K. | ||
| 700 | |a Vargas, G. | ||
| 700 | |a Chinnock, A. | ||
| 773 | |g número 79; páginas 131-139 | ||
| 999 | |c 39329 |d 39329 | ||
